| Tag |
First Indicator |
Second Indicator |
Subfields |
| LEADER |
00000nam a2200000 a 4500 |
| 001 |
in00004688913 |
| 006 |
m o d |
| 007 |
cr cn||||||||| |
| 008 |
100811s2009 gw ob 001 0 ger d |
| 005 |
20260214202606.4 |
| 020 |
|
|
|a 9783433600610
|
| 020 |
|
|
|a 3433600619
|
| 020 |
|
|
|a 9783433600627
|
| 020 |
|
|
|a 3433600627
|
| 020 |
|
|
|z 1282712381
|
| 020 |
|
|
|z 9781282712386
|
| 024 |
7 |
|
|a 10.1002/9783433600610
|2 doi
|
| 035 |
|
|
|a wil6007436
|
| 035 |
|
|
|a (NhCcYBP)wil6007436
|
| 037 |
|
|
|a 10.1002/9783433600610
|b Wiley InterScience
|n http://www3.interscience.wiley.com
|
| 040 |
|
|
|a NhCcYBP
|b eng
|c NhCcYBP
|
| 050 |
|
4 |
|a TA705
|b .G78 2009
|
| 072 |
|
7 |
|a TEC
|x 009020
|2 bisacsh
|
| 082 |
0 |
4 |
|a 627/.81
|2 22
|
| 245 |
0 |
0 |
|a Grundbau-Taschenbuch.
|n Teil 3,
|p Gründungen und geotechinische Bauwerke /
|c Karl Joseff Witt (Hrsg.).
|
| 246 |
3 |
0 |
|a Gründungen und geotechinische Bauwerke
|
| 250 |
|
|
|a 7. Aufl.
|
| 260 |
|
|
|a Berlin :
|b Ernst & Sohn Verlag,
|c ©2009.
|
| 300 |
|
|
|a 1 online resource (xxiv, 918 pages)
|
| 336 |
|
|
|a text
|b txt
|2 rdacontent
|
| 337 |
|
|
|a computer
|b c
|2 rdamedia
|
| 338 |
|
|
|a online resource
|b cr
|2 rdacarrier
|
| 505 |
0 |
|
|a Flachgründungen / Ulrich Smoltczyk, Norbert Vogt -- Pfahlgründungen / Hans-Georg Kempfert -- Spundwönde / Werner Richwien, Hans-Uwe Kalle, Karl-Heinz Lambertz, Karl Morgen, Hans-Werner Vollstedt -- Gründungen im Offenen Wasser / Jacob Gerrit de Gijt, Kerstin Lesny -- Baugrubensicherung / Anton Weißenbach, Achim Hettler -- Pfahlwände, Schlitzwände, Dichtwände / Hans-Gerd Haugwitz, Matthias Pulsfort -- Gründungen in Bergbaugebieten / Dietmar Placzek -- Erschütterungsschutz / Christos Vrettos -- Stützbauwerke und Konstruktive Hangsicherungen / Heinz Brandl -- Stichwortverzeichnis -- Inserentenverzeichnis.
|
| 504 |
|
|
|a Includes bibliographical references and index.
|
| 588 |
0 |
|
|a Print version record.
|
| 650 |
|
0 |
|a Engineering geology.
|
| 650 |
|
0 |
|a Geotechnical engineering.
|
| 655 |
|
4 |
|a Electronic books.
|
| 700 |
1 |
|
|a Witt, Karl Josef.
|
| 776 |
0 |
8 |
|i Print version:
|a Witt, Karl Josef.
|t Grundbau-Taschenbuch, Teil 3 : Grundungen Und Geotechnische Bauwerke.
|d Weinheim : Wiley-VCH, ©2009
|z 9783433018460
|
| 856 |
4 |
0 |
|u http://proxy.library.tamu.edu/login?url=https://onlinelibrary.wiley.com/book/10.1002/9783433600610
|z Connect to the full text of this electronic book
|t 0
|
| 955 |
|
|
|a Wiley EBA record
|
| 975 |
|
|
|p Wiley UBCM Full Collection 2026
|
| 999 |
f |
f |
|s a5c08494-2b6b-415b-93e3-b276b23e6be4
|i 3683a5db-1d3b-47e3-93d8-f0a9ea09ff96
|t 0
|
| 952 |
f |
f |
|a Texas A&M University
|b College Station
|c Electronic Resources
|s evans_pda
|d Available Online
|t 0
|e TA705 .G78 2009
|h Library of Congress classification
|
| 998 |
f |
f |
|a TA705 .G78 2009
|t 0
|l Available Online
|